| 000 | 00870nam a2200217Ia 4500 | ||
|---|---|---|---|
| 003 | IN-BaIIA | ||
| 008 | 211028s9999 xx 000 0 eng d | ||
| 040 | _cIIA Library | ||
| 080 |
_a063:53 _bENF-42 |
||
| 111 |
_aConference of International School of Physics "Enrico Fermi" _cItaly _d1967 July 31 - Aug.19 _96293 |
||
| 245 | 0 |
_aQuantum Optics _bproceedings of the International School of Physics "Enrico Fermi" course held in Varenna Sul Lago di Como, Villa Monastero July 31 - August 19, 1967 _cedited by Glauber R. J. |
|
| 260 |
_aNew York _bAcademic Press _c1969 |
||
| 300 | _axvi, 759p. | ||
| 490 | _aInternational School of Physics "Enrico Fermi" Course v. 42 | ||
| 650 | _aAstronomy and Astrophysics Thesaurus | ||
| 650 | _aOptics | ||
| 650 |
_aQuantum Optics _96294 |
||
| 700 |
_aR. J.Glauber., ed. _96295 |
||
| 710 | _aItalian Physical Society | ||
| 942 | _cBK | ||
| 999 |
_c3556 _d3556 |
||